Prácticas de anatomía humana (Registro nro. 3465)

Detalles MARC
000 -CABECERA
Longitud fija campo de control 00647nam a22002057a 4500
003 - IDENTIFICADOR DELl NÚMERO DE CONTROL
Identificador del número de control OSt
005 - FECHA Y HORA DE LA ÚLTIMA TRANSACCIÓN
Fecha y hora de la última transacción 20131029151213.0
008 - CÓDIGOS DE INFORMACIÓN DE LONGITUD FIJA
Códigos de información de longitud fija 131025b2010 mex spa
020 ## - NÚMERO INTERNACIONAL NORMALIZADO PARA LIBROS
Número Internacional Normalizado para Libros (ISBN) 978-607-7743-16-3
040 ## - FUENTE DE LA CATALOGACIÓN
Centro transcriptor BMC
082 ## - NÚMERO DE LA CLASIFICACIÓN DECIMAL DEWEY
Númeroo de clasificación 611.370
082 ## - NÚMERO DE LA CLASIFICACIÓN DECIMAL DEWEY
Númeroo de clasificación 611.0208
100 1# - PUNTO DE ACCESO PRINCIPAL-NOMBRE DE PERSONA
9 (RLIN) 7959
Nombre de persona Delgado Reyes, Luis‏
245 10 - MENCIÓN DE TÍTULO
Título Prácticas de anatomía humana
Resto del título : enseñanza y aprendizaje audiovisual
Mención de responsabilidad, etc. Luis Delgado Reyes
260 ## - PUBLICACIÓN, DISTRIBUCIÓN, ETC. (PIE DE IMPRENTA)
Lugar de publicación, distribución, etc. México, D.F.
Nombre del editor, distribuidor, etc. Editorial Médica Panamericana
Fecha de publicación, distribución, etc. 2010
300 ## - DESCRIPCIÓN FÍSICA
Extensión 64 p.
Otras características físicas il.
Dimensiones 23 cm
650 24 - PUNTO DE ACCESO ADICIONAL DE MATERIA - TÉRMINO DE MATERIA
9 (RLIN) 7938
Término de materia o nombre geográfico como elemento inicial Anatomía humana
Subdivisión de materia general Enseñanza
650 24 - PUNTO DE ACCESO ADICIONAL DE MATERIA - TÉRMINO DE MATERIA
9 (RLIN) 7939
Término de materia o nombre geográfico como elemento inicial Anatomía humana
Subdivisión de materia general Métodos audiovisuales
942 ## - ENTRADA DE ELEMENTOS AGREGADOS (KOHA)
Fuente de clasificaión o esquema Dewey Decimal Classification
Koha [por defecto] tipo de item 1- Monografias
Existencias
Suprimido Perdido Fuente de clasificación o esquema Estropeado Restricciones de uso No para préstamo Código de colección Localización permanente Localización actual Localización en estanter&íacute;as Fecha adquisición Fuente de adquisición Número de inventario Préstamos totales Signatura completa Código de barras Fecha última consulta Fecha último préstamo Coste, precio reemplazado Fecha del precio de reemplazo Tipo de item de Koha
NULL NULL Dewey Decimal Classification NULL Prestable NULL NULL Biblioteca Miguel de Cervantes - UNICAES Biblioteca Miguel de Cervantes - UNICAES Sala Principal 28/10/2013 Donación - Facultad de Ciencias Empresariales 005560 1 611.370 DEL pra 1005560 18/07/2016 18/07/2016 6.00 28/10/2013 1- Monografias
NULL NULL Dewey Decimal Classification NULL Prestable NULL NULL Biblioteca Miguel de Cervantes - UNICAES Biblioteca Miguel de Cervantes - UNICAES Sala Principal 28/10/2013 Donación - Facultad de Ciencias Empresariales 005561   611.370 DEL pra 1005561 28/10/2013   6.00 28/10/2013 1- Monografias
NULL NULL Dewey Decimal Classification NULL Prestable NULL NULL Biblioteca Miguel de Cervantes - UNICAES Biblioteca Miguel de Cervantes - UNICAES Sala Principal 28/10/2013 Donación - Facultad de Ciencias Empresariales 005562 2 611.370 DEL pra 1005562 02/05/2017 29/04/2017 6.00 28/10/2013 1- Monografias